000 03094nam a22004457a 4500
003 CHAP
005 20251126132111.0
008 070731d2007 mx bd r 00110 spa d
010 _a93860
011 _a94832
035 _a105431
040 _cCHAP
090 _aTesis
100 1 _aSánchez Espinoza, Gabriel.
245 1 0 _aTratado de libre comercio México-Australia como una posibilidad en el marco de la diversificación de las relaciones económicas mexicanas. Una visión desde la politica exterior de México
_c/por Gabriel Sánchez Espinoza
260 _aChapingo, Méx. :
_bEl autor,
_c2007.
300 _a139 h. :
_bgráfs. ; mapas ; cuad.
502 _aTesis (Lic. en Comercio Internacional de Productos Agropecuarios) -- UACH. División de Ciencias Económico Administrativas
520 _aMéxico está trabajando para diversificar sus relaciones con otros países regiones. La región del Asia Pacifico es la región más dinámica del mundo en términos económicos, incluyendo a Australia, especialmente cuando este país asume un rol, cada vez más importante en temas económicos y políticos. У El incremento en el comercio bilateral en años recientes demuestra las complementariedades económicas entre México y Australia. Ambos países se especializan en sectores diferentes de la producción y la exportación. La creciente economía de Australia y su alto ingreso la convierten en un Mercado potencial para los productos mexicanos, especialmente, las manufacturas. Actualmente, un Grupo Conjunto de Expertos (JEG) explora maneras y medios para reforzar las relaciones económicas bilaterales, incluyendo un posible Tratado de Libre Comercio (TLC). Australia promueve un TLC que comprenda acceso al mercado y liberalización de bienes y servicios, así como proveer un régimen seguro para la inversión. Sin embargo, las condiciones políticas y económicas actuales en México no son las adecuadas para un TLC extenso. Un Acuerdo de Alcance Parcial México-Australia podría reforzar las relaciones económicas y comerciales, así como la cooperación en diversas áreas en el corto plazo.
590 _aALEPH
_b10
_c20130110
590 _aBATCH-UPD
_b10
_c20130110
590 _aBATCH-UPD
_b10
_c20130410
590 _aBATCH-UPD
_b10
_c20130914
590 _aCONVERSION
_b10
_c20130109
650 1 4 _aComercio exterior
_zMéxico.
650 1 4 _aComercio internacional.
650 1 4 _aMéxico
_xComercio
_zAustralia.
650 1 4 _aMéxico
_xRelaciones exteriores
_xTratados.
650 1 4 _aPolítica comercial
_zMéxico.
650 1 4 _aPolítica económica
_zMéxico.
650 1 4 _aRelaciones internacionales.
650 1 4 _aTratado de Libre Comercio México-Australia.
650 1 4 _aTratados
_xMéxico.
856 4 2 _uhttp://10.13.5.2/tesis/105431.pdf
_yDESCARGAR PDF
901 _aBK
905 _aMarco A. Mendoza T.
942 _cTesis
_2Clasificación Universidad Autónoma Chapingo
949 _aTesis
_bBC
_cTES
_d33724002034363
_eTS1
_gDonaciØn
_h46994
_i105431
_sb
949 _aTesis
_bBC
_cTES
_d33724002034371
_eTS2
_fc.2
_gDonaciØn
_h46995
_i105431
_si
999 _c93860
_d93860